01018nam a2200217Ia 4500008004100000020002200041050002000063100003600083245009600119260003200215300002000247500009600267504004200363505016500405650004000570650001600610650003000626942001200656952011500668999001700783120721s1993 xx 000 0 spa d a978-968-24-4671-9 aHG4538 C65 199310aCORTÁZAR MARTÍNEZ, Alfonso.10aIntroducción al análisis de proyectos de inversión c/ Alfonso Cortázar Martínez. aMéxicob: Trillasc,1993. a96 p.c; 23 cm. aEducación mixta Contaduria AUDITORIA ADMINISTRATIVA P25 (06 002611) Reimpresion 2010 aIncluye referencias bibliográficas. aLos proyectos de inversión parte activa de un plan de desarrollo, análisis de proyectos de inversión, elementos para la toma de decisiones de inversión.10aPROYECTOS DE DESARROLLO ECONÓMICO10aINVERSIONES10aANÁLISIS DE INVERSIONES cLB2lcc 00102lcc4070a22b22d2012-05-14l30oHG4538 C65 1993p06 002611r2018-05-08s2018-05-08t1w2014-05-12yLB c92709d92709